000 01621nam a2200409 c 4500
999 _c210670
_d210670
003 BLK
005 20240912103032.0
008 180412b bul rap|r|||| r0| ||bulo|
010 _aKNG00168674000
020 _a978-954-625-777-2
020 _a3800083812340
040 _aBLK
041 _aBUL
_cBUL
080 _aИздания за деца и юноши. Книжки-картинки. Читанки. Вж и 372.4
_b087.5
_z087.5
139 _aПътешествие във времето
_bП 98
245 1 0 _aПътешествие във времето
_bЗабавна история + задачи и игри с магическа лупа
_cпрев. Весела Антонова; ил. Gustavo Berardo.
257 _aBEL
260 _bФют
_c2014
_fотпеч. в Малайзия
_aСофия
300 _a32 с.
_bс цв. ил.
_c30 см
380 _aDN
490 _aПриключенията на Ник, Ели и Джо
_9207730
500 _aОриг. загл. Jorney Through Time / Concept ill. Gustavo Berardo.
650 4 _aКниги-игри
_9158798
653 _aкниги-игри
653 _aлитература за деца
653 _aдетска литература
700 1 _aАнтонова, Весела
_eпрев.
_9378226
700 1 _aBerardo, Gustavo
_eил.
_94976
852 _bД
856 4 _qpdf
_u
856 4 _qpdf
_u
942 _cKNG
_n0
_023
_s1
944 _aCR
_c11.12.2014
_lГрета Цуфелде
_k30537
944 _aED
_c14.01.2015
_lф /
_kЛюдмила_Стоянова
999 _d210670
999 _d210670